000 00662nam a2200277Ia 4500
005 20260324141924.0
008 008 260324s9999 xx 000 0 eng d
020 _a9780203028292
037 _aEBOOK
040 _aCRL
040 _beng
040 _cCRL
041 _2eng
041 _aeng
084 _qCRL
100 _aLance Day; Ian McNeil
_91210016
245 0 _aBiographical Dictionary of the History of Technology
260 _bTaylor and Francis
260 _c1996
365 _a
365 _b450
856 _uhttp://www.taylorfrancis.com/books/9780203028292
942 _cEBOOK
999 _c1813623
_d1813623